000 00937nam a22002537a 4500
999 _c9854
_d9854
003 GBCCL
005 20241126110720.0
008 230802b ||||| |||| 00| 0 eng d
020 _a9780718018993
040 _aDLC
_cDLC
_dDLC
050 0 0 _aBS195
_b.E64 2010
082 0 0 _a220.5208
_222
_bMAC
100 _aMacArthur, John
_98028
130 0 _aBible.
_lEnglish.
_sEnglish Standard.
_f2010.
_912235
245 1 4 _aThe MacArthur Study Bible :
_bNew King James version /
_cJohn MacArthur, author and general editor
250 _a2nd edition
_brevised and updated edition
260 _aPune :
_bGrace to India,
_c2012.
300 _axl, 2070,125 p. :
_bill., col. maps ;
_c25 cm.
700 1 _aMacArthur, John,
_d1939-
_91165
710 2 _aCrossway Bibles.
_912236
906 _a7
_bcbc
_corignew
_d1
_eecip
_f20
_gy-gencatlg
942 _2ddc
_cREF